Usain Bolt Quiz - Statistics

General Stats
  • This quiz has been taken 318 times
  • The average score is 11 of 21
Answer Stats
Question Answer % Correct
Nationality? Jamaican
95%
Birth Place? Trelawny, Jamaica
95%
Fastest 100m Time? 9.58
79%
What Year Did He Record His Fastest 300m Time? 2010
76%
What Year Did He Record His Fastest 100m Time? 2009
70%
What Year Did He Record His Fastest 150m Time? 2009
70%
What Year Did He Record His Fastest 200m Time? 2009
70%
Height? 6 ft 5 (1.95m)
69%
How Many Silver Medals Has He Been Awarded In His Career? 8
69%
Fastest 200m Time? 19.19
61%
What Brand Is He Signed By? Puma
60%
What Year Did He Record His Fastest 400m Time? 2007
57%
How Many Gold Medals Has He Been Awarded In His Career? 30
44%
What Was His Best 100m Time In The 2012 London Olympic Games? 9.63
43%
Weight? 210lbs (94kg)
42%
Date Of Birth? 21 August 1986
37%
What Was His Favorite Sport As A Child? Cricket
36%
Fastest 150m Time? 14.35
13%
Fastest 300m Time? 30.97
8%
What Is is Club Called? Racers Track Club
6%
Fastest 400m Time? 45.28
5%
No matching quizzes found
Score Distribution
Percent of People with Each Score
Percentile by Number Answered
Your Score History
You have not taken this quiz